000 00846nam a22002057a 4500
999 _c8964
_d8964
003 AR-CdUCM
008 190327b ||||| |||| 00| 0 spa d
040 _aMUNICIPALIDAD PROVINCIAL DEL CUSCO
_cBIBLIOTECA MUNICIPAL DEL CUSCO
082 _a370.71 /
_bH84
100 _aHuaranga Ross, Oscar
_97857
245 _aArticulación y Aprendizaje Constructivista /
260 _aPerú :
_bSan Marcos.
300 _a186 páginas ;
_c20cm
505 _aContenido: Cambio de enfoque pedagógico -- Conducta y aprendizaje del niño -- Aprendizaje - educación: entre la escuela y la sociedad -- Desarrollo de la inteligencia y la personalidad -- Paradigmas del aprendizaje infantil: conductismo vs constructivismo
650 _aEducación
_9460
650 _aPedagogía
_91560
650 _aAprendizaje
_92143
942 _2ddc
_cLIBROS
945 _anom